Top 100 Universities in the World 2026 - Statistics

General Stats
  • This quiz has been taken 7 times
  • The average score is 17 of 100
Answer Stats
Ranked Universiy % Correct
#5 Harvard University
80%
#21 Yale University
80%
#68 Brown University
60%
#3 Stanford University
60%
#10 California Institute of Technology
40%
#38 Columbia University
40%
#16 Cornell University
40%
#2 Imperial College London
40%
#24 Johns Hopkins University
40%
#1 Massachusetts Institute of Technology
40%
#57 New York University
40%
#42 Northwestern University
40%
#25 Princeton University
40%
#82 Rice University
40%
#26 The University of Sydney
40%
#40 University of British Columbia
40%
#18 University of California, Berkeley
40%
#46 University of California, Los Angeles
40%
#6 University of Cambridge
40%
#19 University of Melbourne
40%
#45 University of Michigan-Ann Arbor
40%
#4 University of Oxford
40%
#15 University of Pennsylvania
40%
#29 University of Toronto
40%
#32 Australian National University
20%
#74 Boston University
20%
#54 Carnegie Mellon University
20%
#22 EPFL
20%
#7 ETH Zurich
20%
#30 Fudan University
20%
#61 KAIST
20%
#58 KU Leuven
20%
#27 McGill University
20%
#36 Monash University
20%
#8 National University of Singapore
20%
#14 Peking University
20%
#92 Purdue University
20%
#39 Seoul National University
20%
#33 The Chinese University of Hong Kong
20%
#44 The Hong Kong University of Science and Technology
20%
#34 The University of Edinburgh
20%
#35 The University of Manchester
20%
#20 The University of New South Wales
20%
#43 The University of Queensland
20%
#37 The University of Tokyo
20%
#17 Tsinghua University
20%
#9 University College of London
20%
#83 University of Alberta
20%
#53 University of Amsterdam
20%
#52 University of Bristol
20%
#13 University of Chicago
20%
#67 University of Glasgow
20%
#11 University of Hong Kong
20%
#66 University of Illinois Urbana-Champaign
20%
#89 University of North Carolina Chapel Hill
20%
#62 University of Texas at Austin
20%
#49 Zhejiang University
20%
#90 Aarhus University
0%
#47 Delft University of Technology
0%
#59 Durham University
0%
#56 Hong Kong Polytechnic University
0%
#41 Institut Polytechnique de Paris
0%
#97 Karlsruhe Institute of Technology
0%
#31 King's College London
0%
#50 Kyoto University
0%
#91 Leiden University
0%
#55 Ludwig Maximilian University of Munich
0%
#65 Lung University
0%
#12 Nanyang Technological University
0%
#51 National Taiwan University
0%
#72 Osaka University
0%
#76 Pennsylvania State University
0%
#85 Pohang University of Science and Technology
0%
#98 Politecnico di Milano
0%
#95 Queen Mary University of London
0%
#71 Ruprecht Karl University of Heidelberg
0%
#88 Sapienza University of Rome
0%
#48 Shang Jiao Tong University
0%
#63 Sorbonne University
0%
#78 Sungkyunkwan University
0%
#23 Technical University of Munich
0%
#81 Tohoku University
0%
#86 Trinity College of Dublin
0%
#28 Universite PSL
0%
#60 University of Auckland
0%
#69 University of Birmingham
0%
#100 | #80 University of Copenhagen
0%
#87 University of Geneva
0%
#94 University of Helsinki
0%
#73 University of Leeds
0%
#84 University of Nottingham
0%
#93 University of Oslo
0%
#79 University of Science and Technology of China
0%
#77 University of Sheffield
0%
#70 University of Southhampton
0%
#64 University of Warwick
0%
#96 University of Waterloo
0%
#75 University of Western Australia
0%
#99 University of Zurich
0%
No matching quizzes found
Score Distribution
Percent of People with Each Score
Percentile by Number Answered
Your Score History
You have not taken this quiz